000 01827nam a2200373 i 4500
001 193707
003 ES-MaACL
005 20240208063127.0
007 ta
008 240206s1909||||fr a fre 000 0 fre d
035 _a(OCoLC)23412034
035 _a021968934
035 _aocm23412034
040 _aABES
_bfre
_eAFNOR
_cES-MaACL
100 1 _aLoppé, François,
_d1855-....
_9235064
245 1 0 _aEmploi des accumulateurs :
_bdétermination de la capacité d'une batterie devant assurer un service donné, type de machine et essais de réception.
_nPremière partie,
_pEmploi d'une batterie d'accumulateurs /
_c[Par M. F. Loppé,...].
246 1 3 _aEmploi d'une batterie d'accumulateurs
264 1 _aParis :
_bLibrairie des Sciences et de l'Industrie :
_bL. Geisler, imprimeur-éditeur,
_c1909.
300 _a74 páginas :
_bDiagramas ;
_c25 cm.
336 _btxt
_2rdacontent
_atexto
337 _bn
_2rdamedia
_asin mediación
337 _bn
_2isbdmedia
_asin mediación
338 _bnga
_2RDAfrCarrier
_avolumen
490 1 _aEncyclopédie électrotechnique ;
_v19e Fascicule
562 _aOuvrage relié avec 5 autres documents de la collection Encyclopédie électrotechnique
650 4 _aAcumuladores eléctricos
_99604
760 0 _tEncyclopédie électrotechnique / par un comité d'Ingénieurs spécialistes / M. F. Loppé,...
_dParis : L. Geisler, 1907?-1918
_h54 fasc.
_g19
_w(ABES)139541152
830 _9235039
_aEncyclopédie électrotechnique ;
_v19
852 _aEs-MaACL
_bR.M.8238/3
_cSVI
_jD-8692(3)
_fSello en tinta en portada: "Ateneo de Madrid. Biblioteca"
_xEncuadernado junto con los Fasciculos 17 y 18
_9201235
886 2 _2unimarc
_a181
_ai#
_bxxxe##
942 _n0
_cMONOGRAFIA
999 _c193707
_d193707